书目信息 |
| 题名: |
中大管理案例
|
|
| 作者: | ;中山大学管理学院案例开发中心 | |
| 分册: | ||
| 出版信息: | 广州 中山大学出版社 2001 |
|
| 页数: | 91 | |
| 开本: | 21cm | |
| 丛书名: | ||
| 单 册: | ||
| 中图分类: | F279.24 | |
| 科图分类: | ||
| 主题词: | 企业经济 | |
| 电子资源: | ||
| ISBN: | 7-306-01768-3 | |
| 000 | 00631nam0 2200181 450 | |
| 001 | 0760515518 | |
| 005 | 20070817164835.51 | |
| 010 | @a7-306-01768-3@d¥8.00 | |
| 100 | @a20070817d km y0chiy0120 ea | |
| 101 | 0 | @achi |
| 200 | 1 | @a中大管理案例@Azhong da guan li an li@f中山大学管理学院案例开发中心@Fzhong shan da xue guan li xue yuan an li kai fa zhong xin |
| 210 | @a广州@c中山大学出版社@d2001 | |
| 215 | @a91@d21cm | |
| 606 | 0 | @a企业经济 |
| 690 | @aF279.24@v3 | |
| 711 | 02 | @a中山大学管理学院案例开发中心@Azhong shan da xue guan li xue yuan an li kai fa zhong xin |
| 801 | 0 | @aCN@bPFT@c20070817 |
| 905 | @a213230@dF279.24@eg180@f1 | |
| 中大管理案例/中山大学管理学院案例开发中心.-广州:中山大学出版社,2001 |
| 91;21cm |
| ISBN 7-306-01768-3:¥8.00 |
| ● |
| 相关链接 |
|
|
|
|
正题名:中大管理案例
索取号:F279.24/g180
 
预约/预借
| 序号 | 登录号 | 条形码 | 馆藏地/架位号 | 状态 | 备注 |
| 1 | 6502211 | 265022110 | 密集书库-海洋学院/ [索取号:F279.24/g180] | 在馆 |